| 000 | 004390000a22001810004500 | ||
|---|---|---|---|
| 020 | _a0706903358 | ||
| 060 | _a100 | ||
| 082 | _a582.130 433 BHO | ||
| 100 | _aBhatnagar, S P | ||
| 100 | _aBhojwani, S S | ||
| 245 | _aEmbryology of angiosperms | ||
| 250 | _a2 | ||
| 260 | _aNewdelhi, Vikas Publishing House Pvt Ltd | ||
| 260 | _c1974 | ||
| 300 | _a264 | ||
| 650 | _aMicrosporangium/ Embryo/ Endosperm/ Polyembryony | ||
| 942 | _cBK | ||
| 999 |
_c361231 _d361231 |
||